Mohammedanism: (Record no. 20667)

MARC details
000 -LEADER
fixed length control field 00737cam a22002531 4500
001 - CONTROL NUMBER
control field 6987526
003 - CONTROL NUMBER IDENTIFIER
control field BDDh-ASL
005 - DATE AND TIME OF LATEST TRANSACTION
control field 20231015025923.0
008 - FIXED-LENGTH DATA ELEMENTS--GENERAL INFORMATION
fixed length control field 720810s1955 xx 000 0 eng
010 ## - LIBRARY OF CONGRESS CONTROL NUMBER
LC control number 55002914
035 ## - SYSTEM CONTROL NUMBER
System control number (OCoLC)377851
040 ## - CATALOGING SOURCE
Original cataloging agency DLC
Transcribing agency ODaWU
Modifying agency OCoLC
-- DLC
-- BDDh-ASL
042 ## - AUTHENTICATION CODE
Authentication code premarc
050 00 - LIBRARY OF CONGRESS CALL NUMBER
Classification number BP50
Item number .G5 1955
082 ## - DEWEY DECIMAL CLASSIFICATION NUMBER
Classification number 297.1
Item number GIM
100 1# - MAIN ENTRY--PERSONAL NAME
Personal name Gibb, H. A. R.
Fuller form of name (Hamilton Alexander Rosskeen),
Dates associated with a name 1895-1971.
245 10 - TITLE STATEMENT
Title Mohammedanism:
Remainder of title an historical survey /
260 ## - PUBLICATION, DISTRIBUTION, ETC.
Place of publication, distribution, etc. [New York]
Name of publisher, distributor, etc. New American Library
Date of publication, distribution, etc. [1955]
300 ## - PHYSICAL DESCRIPTION
Extent 159 p.
Dimensions 18 cm.
490 0# - SERIES STATEMENT
Series statement A Mentor book,
Volume/sequential designation M136
650 #0 - SUBJECT ADDED ENTRY--TOPICAL TERM
Topical term or geographic name entry element Islam
General subdivision History.
906 ## - LOCAL DATA ELEMENT F, LDF (RLIN)
a 7
b cbc
c oclcrpl
d u
e ncip
f 19
g y-gencatlg
942 ## - ADDED ENTRY ELEMENTS (KOHA)
Source of classification or shelving scheme Dewey Decimal Classification
Koha item type Books
Holdings
Withdrawn status Lost status Source of classification or shelving scheme Damaged status Not for loan Collection code Home library Current library Shelving location Date acquired Source of acquisition Total Checkouts Full call number Barcode Date last seen Copy number Price effective from Koha item type Public note
    Dewey Decimal Classification   Not For Loan Non-fiction Asiatic Society Library Asiatic Society Library General Stacks 01/12/2021 Donated by Prof. Husniara Huq   297.1 GIM 104136 01/12/2021 C-1 01/12/2021 Books RARE

Powered by Koha